000 01332nam0a22002651 4500
001 rc\3534841
005 20260407014738.0
021 _aRU
_b[72-98288]
035 _a(NLR Aleph) 007667039
090 _a6394153
_c6394153
100 _a20130115d1972 |||y0rusy50 ca
101 0 _arus
102 _aRU
105 _aa z |||||
200 1 _aМатериалы Второй научно-технической конференции молодых ученых
_fПод ред. канд. техн. наук, доц. Х.С. Воробьева
_gМ-во пром-сти строит. материалов СССР. Гос. всесоюз. науч.-исслед. ин-т строит. материалов и конструкций "ВНИИСтром"
210 _aМосква
_cБ. и.
_d1972
215 _a93 с.
_cчерт.
_d20
606 _aСтроительные материалы
_jСборники
_2psbo
702 1 _aВоробьев
_bХ.С.
_gХарлампий Сергеевич
_4340
710 0 2 _aВНИИ строит. материалов и конструкций им. П.П.Будникова
_bНауч.-техн. конф. молодых ученых
_d2
_f1972
_3RU\NLR\AUTH\8810003141
_9503508
801 0 _aRU
_bNLR
_gpsbo
801 1 _aRU
_bELAR
_2rusmarc
852 _aNLR
_j72-4/35525
942 _cBOOK
980 _aNB